Rozhodovanie v podnikaní a managemente
Saved in:
| Format: | Book |
|---|---|
| Language: | Slovak |
| Published: |
Prešov :
ManaCon,
1991
|
| Tags: |
No Tags, Be the first to tag this record!
|
MARC
| LEADER | 00000nam a22000003a 4500 | ||
|---|---|---|---|
| 001 | stu31994 | ||
| 005 | 20150408162310.3 | ||
| 008 | 950222s1991----xo------------------slo-d | ||
| 040 | |a STU |b slo | ||
| 041 | 0 | |a slo | |
| 044 | |a xo | ||
| 080 | |a 339.1 | ||
| 245 | |a Rozhodovanie v podnikaní a managemente | ||
| 260 | |a Prešov : |b ManaCon, |c 1991 | ||
| 300 | |a 104 s | ||
| 996 | |b J88165 |c J*88165 |l JJK3 |s P |a 0 |w stu31994_0001 | ||
| 996 | |b J88166 |c J*88166 |l JJK3 |s P |a 0 |w stu31994_0002 | ||
| 996 | |b J88168 |c J*88168 |l JJK3 |s P |a 0 |w stu31994_0003 | ||
| 996 | |b J88169 |c J*88169 |l JJK3 |s P |a 0 |w stu31994_0004 | ||
| 996 | |b J88170 |c J*88170 |l JJK3 |s P |a 0 |w stu31994_0005 | ||
| 996 | |b J88171 |c J*88171 |l JJK3 |s P |a 0 |w stu31994_0006 | ||
| 996 | |b J88167 |c J*88167 |l JJK3 |s P |a 0 |w stu31994_0007 | ||